Normal view
MARC view
Entry Personal Name
001 - CONTROL NUMBER
- control field: 1237853
003 - CONTROL NUMBER IDENTIFIER
- control field: OSt
005 - DATE AND TIME OF LATEST TRANSACTION
- control field: 20260430150546.0
008 - FIXED-LENGTH DATA ELEMENTS
- fixed length control field: 260430|| aca||aabn | a|a d
040 ## - CATALOGING SOURCE
- Original cataloging agency: OSt
- Transcribing agency: OSt
100 ## - HEADING--PERSONAL NAME
- Personal name: Jena Harekrushna Au.; Singh Sunit K. Gu.; Dhawan Gagan Gu.; Pradeep Kumar Gu
670 ## - SOURCE DATA FOUND
- Source citation: Work cat.: (OSt)1850076: Jena Harekrushna Au.; Singh Sunit K. Gu.; Dhawan Gagan Gu.; Pradeep Kumar Gu., Design and Development of Synthetic Vectors for Delivery of Biomolecules, 2024
